|
|
|
|
| LEADER |
00000nam0a2200000 4500 |
| 001 |
203807 |
| 005 |
20231101225154.0 |
| 010 |
|
|
|a 9785769211638
|
| 035 |
|
|
|a (RuTPU)RU\TPU\book\222107
|
| 090 |
|
|
|a 203807
|
| 100 |
|
|
|a 20111111d2011 k y0rusy50 ca
|
| 101 |
0 |
|
|a rus
|
| 102 |
|
|
|a RU
|
| 105 |
|
|
|a a z 001zy
|
| 200 |
1 |
|
|a Энергетическая безопасность России: проблемы и пути решения
|f Российская академия наук (РАН), Сибирское отделение (СО), Институт систем энергетики им. Л. А. Мелентьева (ИСЭМ); под ред. Н. И. Воропая; М. Б. Чельцова
|
| 210 |
|
|
|a Новосибирск
|c Изд-во СО РАН
|d 2011
|
| 215 |
|
|
|a 198 с.
|c ил.
|
| 320 |
|
|
|a Библиогр.: с. 192-195.
|
| 330 |
|
|
|a В монографии исследуются стратегические угрозы энергетической безопасности России и перспективы энергоснабжения страны в условиях возможной их реализации. Значительное внимание уделено оценке существующего уровня энергетической безопасности регионов России и обоснованию основных направлений обеспечения ЭБ, включая формирование институциональной среды. Книга рассчитана на энергетиков и широкий круг специалистов, изучающих проблемы национальной безопасности России.
|
| 606 |
1 |
|
|a Энергетическая безопасность
|2 stltpush
|3 (RuTPU)RU\TPU\subj\71951
|9 85609
|
| 610 |
1 |
|
|a энергоснабжение
|
| 610 |
1 |
|
|a Россия
|
| 610 |
1 |
|
|a стратегические угрозы
|
| 610 |
1 |
|
|a регионы
|
| 610 |
1 |
|
|a оценка
|
| 610 |
1 |
|
|a производственно-технические мероприятия
|
| 610 |
1 |
|
|a институциональная среда
|
| 610 |
1 |
|
|a формирование
|
| 675 |
|
|
|a 620.9
|v 3
|
| 702 |
|
1 |
|a Воропай
|b Н. И.
|4 340
|
| 702 |
|
1 |
|a Чельцов
|b М. Б.
|4 340
|
| 712 |
0 |
2 |
|a Российская академия наук (РАН)
|b Сибирское отделение (СО)
|b Институт систем энергетики им. Л. А. Мелентьева (ИСЭМ)
|c (Иркутск)
|c (1997- )
|2 stltpush
|3 (RuTPU)RU\TPU\col\173
|
| 801 |
|
1 |
|a RU
|b 63413507
|c 20111111
|
| 801 |
|
2 |
|a RU
|b 63413507
|c 20121127
|g RCR
|
| 942 |
|
|
|c BK
|
| 959 |
|
|
|a 92/20111111
|d 1
|e 520,00
|f ЧЗТЛ:1
|
| 959 |
|
|
|a 99/20120703
|d 1
|e 520,00
|f ЧЗТЛ:1
|